Jurassic world quiz - Statystyki

Ogólne statystyki
  • Ten quiz został rozwiązany 190 razy
  • Średni wynik to 7 z 11
Statystyki odpowiedzi
DinoPytanie Odpowirdź % Poprawnych
Ten Raptor przyczyniłSię do pokonania obu indo Blue
99%
Jeden Raptor oprócz najbardziejZnanego którego tresował Owen Charlie | Delta | Echo
98%
Wymień przynajmniej jedną Hybrydę w jurassic world Indominus | Indoraptor | Scorpio rex
92%
Jak nazywa się dziecko blue? Beta
78%
Zakończył walkę Indominus vs RexyBlue I ... Mozazaur
67%
Kto pomógł Rexy pokonać Giganotozaura? Terizinozaur
54%
Jaki gigantyczny pterozaur Rozwalił samolot w dominion? Kecalkoatl
41%
Jakie dinozaury w dominion byłyWyszkolone na atak za laserem? Atrociraptory
39%
Najlepsza przyjaciółka Owena Clear
37%
Jakie dinozaury zjadły delacorta? Karnotaur | Lystrozaur | Baryonyks
26%
Co upolował moros indrepidus W dominion Mysz
21%
Nie znaleziono quizów pasujących do podanych kryteriów
Rozkład punktacji
Procent ludzi z każdym wynikiem
Percentyl według liczby udzielonych odpowiedzi
Twoja historia wyników
Nie rozwiązałeś tego quizu